000 01156nac a22003017a 4500
001 BR8003923
003 BR-BrBNA
005 20240105114733.0
008 230509b bl.|||m| |||| 00| 0 por d
040 _aBR-BrBNA
_bpor
_cBiblioteca Nacional de Agricultura
072 _aF24; F23; F26
090 _aF24 BR8003923
100 1 _aPalmieri, F.
100 1 _aSantos, H.G. dos
110 1 _aServico Nacional de Levantamento e Conservacao de Solos, Rio de Janeiro, RJ (Brasil)
_99379
245 1 _aLevantamento semidetalhado e aptidao agricola dos solos do municipio do Rio de Janeiro, RJ [Reconhecimento do solo; Classificacao do solo; Perfil do solo; Recurso do solo; Brasil]
260 3 _aRio de Janeiro, RJ (Brasil):
_c1980.
300 _a389 p.
490 _aBoletim Tecnico - Servico Nacional de Levantamento e Conservacao de Solos (Brazil)
_vno. 66
_xISSN 0100-123X
500 _a67 tables; 31 ref.
650 _aRECURSO DO SOLO
650 _aLEVANTAMENTO FISIOGRAFICO
650 _aPERFIL DO SOLO
650 _aAPTIDAO AGRICOLA
650 _aRIO DE JANEIRO
909 _a202312
_bLúcia Elande
_c55
_dLúcia Elande
942 _2AGRIS
_n0
_cMS
999 _c271031
_d271031